Statistics for Former Countries of Gran Colombia

Click here to take the quiz!

General Stats

  • This quiz has been taken 38 times
  • The average score is 6 of 6

Answer Stats

Country% Correct
Colombia
97%
Ecuador
97%
Brazil
94%
Peru
94%
Venezuela
94%
Panama
89%

Score Distribution

Percentile by Number Answered

Percent of People with Each Score

Your Score History

You have not taken this quiz